000 00516nam a2200169 i 4500
001 135105
003 ES-MaACL
005 20230906194815.0
007 t|
008 070709s1910 be be ||||1| fre d
100 1 _aThonner, Franz.
_9110126
245 1 0 _aDu Congo á l'Ubangi
_b: mon deuxiéme voyage dans l'Afrique Centrale.
260 _aBruxelles :
_b[s.n.],
_c1910 (
_fMisch & Thron)
300 _a125 p., 114 planos, 3 map.
651 4 _aÁfrica central-
_xDescripción.
_9155240
852 _aES-MaACL
_jC-1923
999 _c135105
_d135105